ბათუმის შოთა რუსთაველის სახელმწიფო უნივერსიტეტის ბიბლიოთეკა

TVET teacher education on the threshold of internationalisation / (ბიბ.ჩანაწერი № 58710)

000 -LEADER
fixed length control field 00842cam a2200193 i 4500
001 - CONTROL NUMBER
control field 16100720
005 - DATE AND TIME OF LATEST TRANSACTION
control field 20220701143946.0
008 - FIXED-LENGTH DATA ELEMENTS--GENERAL INFORMATION
fixed length control field 100222s2009 gw a b 000 0 eng
020 ## - INTERNATIONAL STANDARD BOOK NUMBER
International Standard Book Number 3-939394-01-7
040 ## - CATALOGING SOURCE
Original cataloging agency DLC
Language of cataloging eng
Transcribing agency DLC
100 ## - MAIN ENTRY--PERSONAL NAME
Personal name Bünning, Frank
9 (RLIN) 14283
245 00 - TITLE STATEMENT
Title TVET teacher education on the threshold of internationalisation /
Remainder of title Frank Bünning , eds. Zhao Zhi-Qun
264 #1 - PRODUCTION, PUBLICATION, DISTRIBUTION, MANUFACTURE, AND COPYRIGHT NOTICE
Place of production, publication, distribution, manufacture Bonn:
Name of producer, publisher, distributor, manufacturer UNEVOC,
Date of production, publication, distribution, manufacture, or copyright notice 2006.
300 ## - PHYSICAL DESCRIPTION
Extent 240 p.:
Dimensions 20 cm.
653 ## - INDEX TERM--UNCONTROLLED
keyword TVET Teacher Education on the Threshold of Internationalisation
653 ## - INDEX TERM--UNCONTROLLED
keyword გარდამავალი პერიოდის სოციალურ-ეკონომიკური პრობლემები და გადაწყვეტის გზები
700 ## - ADDED ENTRY--PERSONAL NAME
Personal name Zhi-Qun Zhao
Titles and other words associated with a name რედაქტორი
9 (RLIN) 14284
942 ## - ADDED ENTRY ELEMENTS (KOHA)
Source of classification or shelving scheme
Koha item type წიგნი
ეგზემპლარები
Withdrawn status Lost status Source of classification or shelving scheme Damaged status Not for loan Permanent Location Current Location Shelving location Date acquired Cost, normal purchase price Full call number Barcode Date last seen Copy number Price effective from Koha item type Public note
          ბათუმის შოთა რუსთაველის სახელმწიფო უნივერსიტეტის მთავარი ბიბლიოთეკა პროფესიული პროგრამების მართვის და უწყვეტი განათლების ცენტრის ბიბლიოთეკა წიგნსაცავი 2022-07-01 8.00 316.42+338.24B-94 62947 2022-07-01 62947 2022-07-01 წიგნი 8.00